000 00605nam a2200181Ia 4500
008 151018s9999 xx 000 0 und d
082 _bRBASDV21826
_a891.461
100 _aबाळ सामंत
245 _aमराठी नाट्यसंगीत
250 _b2
260 _bउत्कर्ष प्रकाशन पुणे
_c1988
300 _a251
600 _aबाळ सामंत
630 _aमराठी नाट्यसंगीत
700 _aबाळ सामंत
730 _aमराठी नाट्यसंगीत
942 _cBOOK
999 _c1021500
_d1021497